A short history of nearly everything (Record no. 10667)

000 -LEADER
fixed length control field 00413 a2200157 4500
020 ## - INTERNATIONAL STANDARD BOOK NUMBER
International Standard Book Number 9780767908184 (pbk.)
040 ## - CATALOGING SOURCE
Original cataloging agency DLC
Language of cataloging DLC
082 00 - DEWEY DECIMAL CLASSIFICATION NUMBER
Classification number 500
100 1# - MAIN ENTRY--PERSONAL NAME
Personal name Bryson, Bill.
245 12 - TITLE STATEMENT
Title A short history of nearly everything
Statement of responsibility, etc. Bill Bryson.
250 ## - EDITION STATEMENT
Edition statement 1st trade pbk. ed.
260 ## - PUBLICATION, DISTRIBUTION, ETC.
Place of publication, distribution, etc. New York :
Name of publisher, distributor, etc. Broadway Books,
Date of publication, distribution, etc. 2004.
300 ## - PHYSICAL DESCRIPTION
Extent ix, 544 p. ;
Dimensions 24 cm.
650 #0 - SUBJECT ADDED ENTRY--TOPICAL TERM
Topical term or geographic name entry element Science
942 ## - ADDED ENTRY ELEMENTS (KOHA)
Koha item type Book
Call number prefix 500 BRY
Source of classification or shelving scheme
Holdings
Withdrawn status Lost status Damaged status Not for loan Collection code Permanent Location Current Location Shelving location Date acquired Source of acquisition Cost, normal purchase price Total Checkouts Total Renewals Full call number Barcode Date last seen Date last checked out Price effective from Koha item type
          Central Library (CL) Central Library (CL) General Stacks 12/13/2011 Global Link Information Services 1225.08 8 7 500 BRY SEECS010864 01/27/2025 06/24/2024 01/05/2017 Book
© 2023 Central Library, National University of Sciences and Technology. All Rights Reserved.